ბათუმის შოთა რუსთაველის სახელმწიფო უნივერსიტეტის ბიბლიოთეკა

ასი ლექსი (ბიბ.ჩანაწერი № 43027)

000 -LEADER
fixed length control field 00685nam a2200229Ia 4500
001 - CONTROL NUMBER
control field 9747
003 - CONTROL NUMBER IDENTIFIER
control field GE_BSU
008 - FIXED-LENGTH DATA ELEMENTS--GENERAL INFORMATION
fixed length control field 181216s||||||||xx |||||||||||||| ||und||
010 ## - LIBRARY OF CONGRESS CONTROL NUMBER
LC control number 9789940973
040 ## - CATALOGING SOURCE
Transcribing agency GE_BSU
080 ## - UNIVERSAL DECIMAL CLASSIFICATION NUMBER
Universal Decimal Classification number 821.353.1-1
100 ## - MAIN ENTRY--PERSONAL NAME
Personal name აბაშიძე,გრიგოლ
245 ## - TITLE STATEMENT
Title ასი ლექსი
245 ## - TITLE STATEMENT
Statement of responsibility, etc. შემდგ:დავით აბაშიძე;წინათქმა ბესიკ ხარნაული
260 ## - PUBLICATION, DISTRIBUTION, ETC.
Place of publication, distribution, etc. თბილისი
260 ## - PUBLICATION, DISTRIBUTION, ETC.
Name of publisher, distributor, etc. ინტელექტი
260 ## - PUBLICATION, DISTRIBUTION, ETC.
Date of publication, distribution, etc. 2007
300 ## - PHYSICAL DESCRIPTION
Extent 140გვ;20სმ.
653 ## - INDEX TERM--UNCONTROLLED
Uncontrolled term ასი ლექსი
942 ## - ADDED ENTRY ELEMENTS (KOHA)
Koha item type წიგნი
ეგზემპლარები
Withdrawn status Lost status Damaged status Not for loan Date acquired Barcode Date last seen Price effective from Koha item type
        2018-12-17 32903 2018-12-17 2018-12-17 წიგნი